00376 2200133 4500001002100000005001500021035002400036090002100060245008500081250001100166260002300177300002700200990001500227YOGYA00000000000296120140822162022 0010-081400000002679 aQ 618.2Coo P (1) aPenatalaksanaan bedah obstetri,ginekologi dan traumatologi ... cet.1cCook, John aCET .1 aJakartabEGCc1993 a202 hlm.cilus.c35 cm a53285-P/94